00249nam a2200097Ia 4500008004100000100001900041245003500060260003200095300000800127650001600135191201s2012 xx 000 0 und d aKATIYAR, Sapna 0aOptical Communications Systems aN. DelhibS.K.Katariac2012 a330 aB.Tech(ECE)